000 01110nam a2200313 i 4500
001 000044215
003 DO-SdBNP
005 20241002131452.0
007 ta
008 140610s2009 dr r 000 0 spa d
040 _aDO-SdBNP
_bspa
_cBNPHU
_erda
041 _aspa
082 4 _a001.42
_bR696m 2009
_222
100 1 _aRodríguez Castillo, Príamo,
_d1943-
_972218
_4aut.
_eautor
245 1 0 _aMetodología de la investigación aplicada /
_cPríamo Rodríguez Castillo.
250 _a9na. Edición corregida y ampliada
264 1 _aSanto Domingo :
_bUtesa,
_c2009.
300 _aXVIII, 268 páginas :
_bilustraciones,
_c23 cm.
336 _atexto
_btxt
_2rdacontent
337 _asin mediación
_bn
_2rdamedia
338 _avolumen
_bnc
_2rdacarrier
500 _aIncluye datos biográficos del autor en las solapas
500 _aIncluye referencias bibliográficas y notas al pie de las páginas
504 _aBibliografía : p. 261-264
590 _aInventariado, 2020/BT
650 4 _aInvestigación
_xMetodología
_986655
910 _aValidado. Control de calidad MFF
942 _2ddc
_cLBS1
999 _c43704
_d43704